Countries of North America in Pirate Language - Statistics

General Stats
  • This quiz has been taken 10 times
  • The average score is 17 of 23
Answers on the Map
Answers color-coded by a green-red scale on the quiz's map according to % correct below.
 
Answer Stats
Hint Answer % Correct
C Cocanonadoda
100%
M Momexoxicoco
100%
B Bobelolizoze
88%
C Cocuboba
88%
H Hohaitoti
88%
J Jojamomaicoca
88%
N Nonicocaroragogua
88%
P Popanonamoma
88%
C Cocosostota Roricoca
75%
A Anontotigogua
63%
B Bobahohamomasos
63%
D Dodomominonicoca
63%
D Dodomominonicocanon Rorepopuboblolicoc
63%
E Elol sosalolvovadodoror
63%
G Gogrorenonadoda
63%
G Goguatotemomalola
63%
H Hohonondodurorasos
63%
S Sostot kokitottots
63%
S Sostot lolucocia
63%
S Sostot vovinoncocenontot
63%
T Totrorinonidodadod
63%
U Unonitotedod sostotatotesos ofof amomeroricoca
63%
B Bobarorbobadodosos
50%
No matching quizzes found
Score Distribution
Percent of People with Each Score
Percentile by Number Answered
Your Score History
You have not taken this quiz